| 000 | 00616nam a2200205 i 4500 | ||
|---|---|---|---|
| 001 | 67039 | ||
| 003 | ES-MaACL | ||
| 005 | 20230906165934.0 | ||
| 007 | t| | ||
| 008 | 040503s1917 sp ||||1| spa d | ||
| 080 | _a821.134.2-32"19" | ||
| 100 | 1 |
_aMata, Pedro, _d1875-1946 _978887 |
|
| 245 | 1 | 3 |
_aEl crimen de la calle de Ponzano _b: novela inédita / _cpor Pedro Mata. |
| 260 |
_a[Madrid : _bLa Novela Corta, _c1917] |
||
| 300 |
_a[24] p. ; _c20 cm. |
||
| 490 | 1 |
_aLa novela corta ; _v91 |
|
| 830 | 0 |
_aLa novela corta ; _v91 _9182142 |
|
| 852 |
_aES-MaACL _j2171-F-5 _bR.132494 |
||
| 999 |
_c67039 _d67039 |
||